La receptación de los delitos de lesa humanidad en la jurisprudencia de la Corte Suprema de Justicia Argentina : principios jurídicos en crisis en su tratamiento punitivo y derivaciones epistemológicas de la matriz conceptual de la corte /

Guardado en:
Otros Autores: Baquedano, María Elena., Centurión, José Luis, (codir.), López Camelo, Guillermo Raúl., Lorenzo, Claudia I., Fernández, Juan Pablo., Brener, Ernesto P., Germani, Anibal., Arrué, Federico D., Sierra, Marcelo., Garay Semper, Guillermo., Marra, Lautaro., Bianchimano, Federico., Urruti, Leonardo A., Romanutti, María., Piombo, Horacio D., Montezanti, Néstor L.
Formato: Libro
Idioma:Spanish
Publicado: Bahía Blanca : Ediuns, 2014.
Edición:1a. ed.
Materias:
Etiquetas: Agregar Etiqueta
Sin Etiquetas, Sea el primero en etiquetar este registro!
LEADER 01417nam a22003615a 4500
001 DER.der001805
008 180615s2014####ag############000#0#spa#d
005 20250609111534.0
245 1 3 |a La receptación de los delitos de lesa humanidad en la jurisprudencia de la Corte Suprema de Justicia Argentina :  |b principios jurídicos en crisis en su tratamiento punitivo y derivaciones epistemológicas de la matriz conceptual de la corte /  |c María Elena Baquedano ... [et.al.] ; dirigido por José Ignacio Pazos Crocitto. 
250 |a 1a. ed. 
260 |a Bahía Blanca :  |b Ediuns,  |c 2014. 
300 |a 588 p. 
020 |a 9789871907915 
700 1 |a Baquedano, María Elena. 
700 1 |a Pazos Crocitto, José Ignacio.,  |e dir. 
700 1 |a Centurión, José Luis,  |e codir. 
700 1 |a López Camelo, Guillermo Raúl. 
700 1 |a Lorenzo, Claudia I. 
700 1 |a Fernández, Juan Pablo. 
700 1 |a Brener, Ernesto P. 
700 1 |a Germani, Anibal. 
700 1 |a Arrué, Federico D. 
700 1 |a Sierra, Marcelo. 
700 1 |a Garay Semper, Guillermo. 
700 1 |a Marra, Lautaro. 
700 1 |a Bianchimano, Federico. 
700 1 |a Urruti, Leonardo A. 
700 1 |a Romanutti, María. 
700 1 |a Piombo, Horacio D. 
700 1 |a Montezanti, Néstor L. 
650 |a DERECHOS HUMANOS 
859 |a DERECHO  |b BIB. DERECHO  |h 323  |i LAR  |p 008730 
859 |a DERECHO  |b BIB. DERECHO  |h 347.077  |i REC  |k 7  |p 008731  |t 1